Subjektivita / intersubjektivita

Na minha lista:
Detalhes bibliográficos
Autor principal: Karul, Róbert
Formato: Livro
Idioma:eslovaco
tcheco
Publicado em: Bratislava Filozofický ústav SAV 2011
Assuntos:
Tags: Adicionar Tag
Sem tags, seja o primeiro a adicionar uma tag!

MARC

LEADER 00000nam a2200000 4500
001 0146038
005 20240725093739.2
020 |a 978-80-970494-2-3 
041 0 |a slo 
041 0 |a cze 
044 |a SK 
245 1 0 |a Subjektivita / intersubjektivita  |c Róbert Karul ... [et al.] ; preklad: Ľubica Hábová ... [et al.] 
264 1 |a Bratislava  |b Filozofický ústav SAV  |c 2011 
300 |a 241 s. 
610 2 0 |a filozofia 
610 2 0 |a subjekt 
610 2 0 |a koncepcie 
100 1 |a Karul, Róbert